Statistics for Alfa Romeo Cars by Picture

Click here to take the quiz!

General Stats

  • This quiz has been taken 216 times
  • The average score is 4 of 5

Answer Stats

Answer% Correct
Alfa Romeo {Giulia}
88%
Alfa Romeo {4C}
87%
Alfa Romeo {Stelvio}
78%
Alfa Romeo {MiTo}
71%
Alfa Romeo {Giulietta}
70%

Score Distribution

Percentile by Number Answered

Percent of People with Each Score

Your Score History

You have not taken this quiz